000
00302nam a2200109Ia 4500
008
210430s9999 xx 000 0 und d
082
_a
662.2 B152 E
100
_a
A Bailey, S G Murray
_9
127580
245
_a
Explosives, propellants & pyrotechnics, V-2 /
_c
A Bailey
300
_a
187p.
942
_c
BK
_2
ddc
999
_c
562062
_d
562062